|
|
|
|
| LEADER |
00000cam a2200000 c 4500 |
| 001 |
273077147 |
| 003 |
DE-627 |
| 005 |
20260206203813.0 |
| 007 |
tu |
| 008 |
990101s1986 xxk||||| 00| ||eng c |
| 020 |
|
|
|a 0745000207
|9 0-7450-0020-7
|
| 020 |
|
|
|a 0745000290
|9 0-7450-0029-0
|
| 035 |
|
|
|a (DE-627)273077147
|
| 035 |
|
|
|a (DE-603)132469030
|
| 035 |
|
|
|a (DE-576)020875983
|
| 035 |
|
|
|a (DE-599)GBV273077147
|
| 035 |
|
|
|a (OCoLC)241926850
|
| 035 |
|
|
|a (OCoLC)14692794
|
| 035 |
|
|
|a (DE-604)806530408x
|
| 040 |
|
|
|a DE-627
|b ger
|c DE-627
|e rakwb
|
| 041 |
|
|
|a eng
|
| 044 |
|
|
|c XA-GB
|
| 050 |
|
0 |
|a HV8195.A2
|
| 082 |
0 |
|
|a 354.410074
|
| 082 |
0 |
|
|a 363.20941
|
| 084 |
|
|
|a PN 985
|2 rvk
|0 (DE-625)rvk/138333:
|
| 100 |
1 |
|
|8 1\p
|a Bradley, David
|d 1941-
|0 (DE-588)1223102521
|0 (DE-627)1742419291
|4 aut
|
| 109 |
|
|
|a Bradley, David 1941-
|a Bradley, David A. 1941-
|
| 245 |
1 |
0 |
|a Managing the police
|b law, organisation and democracy
|c David Bradley; Neil Walker; Roy Wilkie
|
| 264 |
|
1 |
|a Brighton, Sussex
|b Wheatsheaf Books [u.a.]
|c 1986
|
| 300 |
|
|
|a VIII, 232 S
|
| 336 |
|
|
|a Text
|b txt
|2 rdacontent
|
| 337 |
|
|
|a ohne Hilfsmittel zu benutzen
|b n
|2 rdamedia
|
| 338 |
|
|
|a Band
|b nc
|2 rdacarrier
|
| 505 |
8 |
|
|a Literaturverz. S. 216 - 224
|
| 583 |
1 |
|
|a Archivierung prüfen
|c 20200919
|f DE-640
|z 3
|2 pdager
|
| 650 |
|
4 |
|a Police administration
|x Great Britain
|
| 650 |
|
4 |
|a Police
|x Great Britain
|
| 689 |
0 |
0 |
|d g
|0 (DE-588)4022153-2
|0 (DE-627)104665513
|0 (DE-576)208942076
|a Großbritannien
|2 gnd
|
| 689 |
0 |
1 |
|d s
|0 (DE-588)4046612-7
|0 (DE-627)106197479
|0 (DE-576)209070269
|a Polizeiorganisation
|2 gnd
|
| 689 |
0 |
|
|5 (DE-627)
|
| 700 |
1 |
|
|a Walker, Neil
|d 1960-
|0 (DE-588)17082117X
|0 (DE-627)060959134
|0 (DE-576)131670484
|4 aut
|
| 700 |
1 |
|
|8 2\p
|a Wilkie, Roy
|d 1930-2006
|0 (DE-588)1223101878
|0 (DE-627)1742417302
|4 aut
|
| 883 |
|
|
|8 1\p
|a cgwrk
|d 20241001
|q DE-101
|u https://d-nb.info/provenance/plan#cgwrk
|
| 883 |
|
|
|8 2\p
|a cgwrk
|d 20241001
|q DE-101
|u https://d-nb.info/provenance/plan#cgwrk
|
| 935 |
|
|
|i Blocktest
|
| 935 |
|
|
|h HEB
|i 0501
|
| 935 |
|
|
|h HEB
|i 0503
|
| 936 |
r |
v |
|a PN 985
|b Großbritannien, Schottland, Irland
|k Rechtswissenschaft
|k Verwaltungswissenschaften und Verwaltungsrecht
|k Ausländisches und vergleichendes Verwaltungsrecht, Ausländische Verwaltungslehre und Verwaltungspolitik
|k Einzelne Länder
|k Großbritannien, Schottland, Irland
|0 (DE-627)1271334348
|0 (DE-625)rvk/138333:
|0 (DE-576)201334348
|
| 936 |
s |
n |
|a m100
|2 mzub
|
| 936 |
s |
n |
|a m200
|2 mzub
|
| 951 |
|
|
|a BO
|
| ELC |
|
|
|b 1
|
| LOK |
|
|
|0 000 xxxxxcx a22 zn 4500
|
| LOK |
|
|
|0 001 3340174504
|
| LOK |
|
|
|0 003 DE-627
|
| LOK |
|
|
|0 004 273077147
|
| LOK |
|
|
|0 005 20010516000000
|
| LOK |
|
|
|0 008 900703||||||||||||||||ger|||||||
|
| LOK |
|
|
|0 040
|a DE-21
|c DE-627
|d DE-21
|
| LOK |
|
|
|0 852
|a DE-21
|
| LOK |
|
|
|0 852 1
|c KB 18 A 413
|9 00
|
| LOK |
|
|
|0 935
|a krim
|
| LOK |
|
|
|0 936ln
|a k1
|
| LOK |
|
|
|0 939
|a 03-07-90
|b l01
|
| ORI |
|
|
|a SA-MARC-krimdoka001.raw
|
| SIG |
|
|
|a UB: KB 18 A 413
|
| TIM |
|
|
|a 100017070101_100020261231
|b 1707 - 2026
|